000
00250nam a2200097Ia 4500
001
683193
005
20250826161433.0
008
250824s9999 xx 000 0 und d
245
0
_a
TENNURE VE ATEŞ
_c
SİNAN YAĞMUR
260
_b
KARATAY AKADEMİ YAYINLARI
999
_c
683193
_d
683193